000 00616nam a2200217Ia 4500
005 20250923145514.0
008 008 250917s9999 xx 000 0 eng d
037 _aTextual
040 _aDSWL
_beng
_cDSWL
041 _aeng
_2eng
084 _aT:3(X:77), N73
_qDSWL
100 _aLynton, R.P.
_9836023
245 0 _aTraining for development
_c by R.P. Lynton
260 _aBombay
_bD.B. Tarporevala Sons & Co. Pvt. Ltd.
_c1973
300 _axix,408p.
365 _aINR
_b15
700 _a U. Pareek
_9836024
925 _g15
942 _cTEXL
_hT:3(X:77), N73
999 _c1452180
_d1452180